|
|
|
|
| LEADER |
00000nam0a2200000 4500 |
| 001 |
32032 |
| 005 |
20231030204715.0 |
| 010 |
|
|
|a 5229010584
|
| 035 |
|
|
|a (RuTPU)RU\TPU\book\32327
|
| 035 |
|
|
|a BOOK00000002
|
| 090 |
|
|
|a 32032
|
| 100 |
|
|
|a 20011210d1992 km y0rusy50 ca
|
| 101 |
0 |
|
|a rus
|
| 102 |
|
|
|a RU
|
| 105 |
|
|
|a a z 001zy
|
| 200 |
1 |
|
|a Автоматизация металлургических агрегатов
|f Ю. В. Липухин [и др.]
|
| 210 |
|
|
|a Москва
|c Металлургия
|d 1992
|
| 215 |
|
|
|a 304 с.
|c ил.
|
| 300 |
|
|
|a Авт. указаны на обороте тит. л.
|
| 320 |
|
|
|a Библиогр.: с. 304
|
| 610 |
1 |
|
|a металлургия
|
| 610 |
1 |
|
|a оборудование
|
| 610 |
1 |
|
|a автоматизация
|
| 610 |
1 |
|
|a тепловые агрегаты
|
| 610 |
1 |
|
|a агломерационное производство
|
| 610 |
1 |
|
|a сталеплавильное производство
|
| 610 |
1 |
|
|a нагревательные печи
|
| 610 |
1 |
|
|a прокатное производство
|
| 675 |
|
|
|a 669.012
|v 3
|
| 701 |
|
1 |
|a Липухин
|b Ю. В.
|g Юрий Викторович
|
| 701 |
|
1 |
|a Булатов
|b Ю. И.
|g Юрий Иванович
|
| 701 |
|
1 |
|a Адельман
|b К.
|g Курт
|
| 701 |
|
1 |
|a Кнорр
|b М.
|g Макс
|
| 801 |
|
0 |
|a RU
|b 63413507
|c 20011210
|g PSBO
|
| 801 |
|
2 |
|a RU
|b 63413507
|c 20051107
|g PSBO
|
| 942 |
|
|
|c BK
|